University Home | Library Home | Institutional Repository

Marino Marini, sculptor / (Record no. 89823)

MARC details
000 -LEADER
fixed length control field 00914cam1a220024100 4500
001 - CONTROL NUMBER
control field qce00410643
005 - DATE AND TIME OF LATEST TRANSACTION
control field 20190816105443.0
008 - FIXED-LENGTH DATA ELEMENTS--GENERAL INFORMATION
fixed length control field 720128s1958 it 000 0 eng u
035 ## - SYSTEM CONTROL NUMBER
System control number (Sirsi) r83463
035 ## - SYSTEM CONTROL NUMBER
System control number (QCAT)lss00157218
035 ## - SYSTEM CONTROL NUMBER
System control number (UPRA)qce00410643
040 ## - CATALOGING SOURCE
Modifying agency UPRA
100 1# - MAIN ENTRY--PERSONAL NAME
Personal name Marini, Marino, 1901-
Dates associated with a name Marini, Marino, 1901-
Linkage A43366.1
245 10 - TITLE STATEMENT
Title Marino Marini, sculptor /
Statement of responsibility, etc. [by] Umbro Apollonio ; [english translation by Anna Bossi Molina].
250 ## - EDITION STATEMENT
Edition statement 3rd ed.
260 ## - PUBLICATION, DISTRIBUTION, ETC.
Place of publication, distribution, etc. Milan :
Name of publisher, distributor, etc. Edizioni del Milione,
Date of publication, distribution, etc. 1958.
490 0# - SERIES STATEMENT
Series statement Monographs on modern Italian artists
Linkage S7119.1
500 ## - GENERAL NOTE
General note First ed. published in 1948 with text by Raffaele Carrieri in Italian.
504 ## - BIBLIOGRAPHY, ETC. NOTE
Bibliography, etc. note Bibliography: p. 23-[34]; "Catalogue of works": p. 36-41.
700 1# - ADDED ENTRY--PERSONAL NAME
Personal name Apollonio, Umbro, 1911-
Dates associated with a name Apollonio, Umbro, 1911-
Linkage A43367.1
949 ## - LOCAL PROCESSING INFORMATION (OCLC)
a NB623
w lcc
i -115870
m MAIN
t BOOK
l ON-SHELF

No items available.

© 2026 - The University of Zambia Library - Koha v25.11